000 00453 a2200145 4500
005 20250516142722.0
020 _a978-1-118-97672-2
082 _a658.422 GAZ
100 _aGAZLEY, B.
245 _aTransformational Governance : How Boards Achieve Extraordinary Change.
260 _aCanada,
_bJohn Wiley & Sons,
_c2015.
300 _axxv, 262p.: ill.; figure, table
_bBibliographical References & Index
_c23cm.
700 _aKISSMAN, K.
942 _2ddc
_cBKS
999 _c2418
_d2418